[Event "TOP 16"]
[Site "Guingamp FRA"]
[Date "2010.06.04"]
[Round "9"]
[White "Pucher, Olivier"]
[Black "Nezar, Mustapha"]
[Result "1-0"]
[WhiteElo "2342"]
[BlackElo "2398"]
[PlyCount "43"]
[EventDate "2010.03.26"]
[EventType "team"]
[EventRounds "11"]
[EventCountry "FRA"]
[Source "Mark Crowther"]
[SourceDate "2010.06.07"]

1. d4 d5 2. c4 c6 3. Nf3 Nf6 4. Nc3 e6 5. Bg5 dxc4 6. e4 b5 7. e5 h6 8. Bh4 g5
9. exf6 gxh4 10. Ne5 Qxf6 11. a4 Bb7 12. axb5 cxb5 13. Bxc4 bxc4 14. Qa4+ Kd8
15. Qa5+ Kc8 16. Ra4 Nc6 17. Rxc4 Qg5 18. Rxc6+ Bxc6 19. Qa6+ Kd8 20. Qxc6 Qc1+
21. Ke2 Qc2+ 22. Ke3 1-0

[Event "TOP 16"]
[Site "Guingamp FRA"]
[Date "2010.06.04"]
[Round "9"]
[White "Philippe, Christophe"]
[Black "Neiman, Emmanuel"]
[Result "1-0"]
[WhiteElo "2428"]
[BlackElo "2339"]
[PlyCount "93"]
[EventDate "2010.03.26"]
[EventType "team"]
[EventRounds "11"]
[EventCountry "FRA"]
[Source "Mark Crowther"]
[SourceDate "2010.06.07"]

1. e4 e5 2. Nf3 Nf6 3. Nxe5 d6 4. Nf3 Nxe4 5. d4 d5 6. Bd3 Nc6 7. O-O Be7 8.
Nc3 Nxc3 9. bxc3 O-O 10. h3 Rb8 11. Re1 Bd6 12. Bg5 f6 13. Bh4 g5 14. Bg3 Bxg3
15. fxg3 Qd6 16. Kh2 Bd7 17. c4 dxc4 18. Bxc4+ Kg7 19. c3 Rbe8 20. Qd2 Rxe1 21.
Rxe1 Re8 22. Rf1 Qe7 23. Bd3 Qd6 24. Nxg5 Qe7 25. Ne4 Rf8 26. Nc5 Bc8 27. Re1
Qd6 28. Ne4 Qd8 29. Qf4 Ne7 30. Nc5 Ng6 31. Qf3 b6 32. Ne6+ Bxe6 33. Rxe6 Rf7
34. Bf5 Re7 35. Rc6 Qe8 36. h4 Rf7 37. h5 Nf8 38. Be4 Qd8 39. Bd5 Rd7 40. Qg4+
Kh6 41. Qf4+ Kg7 42. h6+ Kg6 43. Be4+ Kf7 44. Qg4 Ke8 45. Bf5 Rf7 46. c4 Qe7
47. Be6 1-0

[Event "TOP 16"]
[Site "Guingamp FRA"]
[Date "2010.06.04"]
[Round "9"]
[White "Collas, Silvia"]
[Black "Iglesias, Joachim"]
[Result "1-0"]
[WhiteElo "2313"]
[BlackElo "2278"]
[PlyCount "59"]
[EventDate "2010.03.26"]
[EventType "team"]
[EventRounds "11"]
[EventCountry "FRA"]
[Source "Mark Crowther"]
[SourceDate "2010.06.07"]

1. c4 Nf6 2. Nf3 c5 3. Nc3 g6 4. e4 Bg7 5. d4 O-O 6. Be2 d6 7. O-O Bg4 8. d5
Na6 9. Bg5 Nc7 10. Qd2 Bxf3 11. Bxf3 e5 12. a3 Qe8 13. b4 Nd7 14. Bd1 f5 15.
Ba4 Na6 16. exf5 gxf5 17. f3 Qf7 18. Nb5 Nb6 19. Bb3 Qg6 20. Be7 Rfc8 21. Nxd6
Rc7 22. Qg5 cxb4 23. Nxf5 Nc5 24. Qxg6 hxg6 25. Bxc5 Rxc5 26. axb4 Rxc4 27.
Bxc4 gxf5 28. Bb3 Bf8 29. d6+ Kg7 30. Rfd1 1-0

[Event "TOP 16"]
[Site "Guingamp FRA"]
[Date "2010.06.04"]
[Round "9"]
[White "Congiu, Mathilde"]
[Black "Pucher, Sebastien"]
[Result "0-1"]
[WhiteElo "2175"]
[BlackElo "2273"]
[PlyCount "76"]
[EventDate "2010.03.26"]
[EventType "team"]
[EventRounds "11"]
[EventCountry "FRA"]
[Source "Mark Crowther"]
[SourceDate "2010.06.07"]

1. e4 c5 2. Nf3 d6 3. c3 Nf6 4. Be2 Bd7 5. d3 g6 6. O-O Bg7 7. Re1 O-O 8. Bf1
Nc6 9. h3 Rc8 10. Nbd2 Qc7 11. a3 e5 12. g3 d5 13. exd5 Nxd5 14. Bg2 b6 15. Nf1
Nde7 16. g4 h6 17. Be3 Be6 18. Qd2 Kh7 19. N1h2 Rcd8 20. Qc2 f5 21. Qe2 Qd7 22.
Bf4 fxg4 23. Nxe5 Bxe5 24. Bxe5 gxh3 25. Bg3 Bd5 26. Be4 Nf5 27. Qg4 Bxe4 28.
dxe4 Nxg3 29. Qxg3 g5 30. e5 Qe6 31. Ng4 Rf4 32. f3 Rd3 33. Rf1 Nxe5 34. Nxe5
Qxe5 35. Qxh3 Qe3+ 36. Kg2 Rd2+ 37. Kg3 Qe5 38. Rae1 Rxf3+ 0-1

[Event "TOP 16"]
[Site "Guingamp FRA"]
[Date "2010.06.04"]
[Round "9"]
[White "Sumets, Andrey"]
[Black "Legky, Nikolay A"]
[Result "1-0"]
[WhiteElo "2614"]
[BlackElo "2428"]
[PlyCount "49"]
[EventDate "2010.03.26"]
[EventType "team"]
[EventRounds "11"]
[EventCountry "FRA"]
[Source "Mark Crowther"]
[SourceDate "2010.06.07"]

1. d4 e6 2. Nf3 Nf6 3. g3 d5 4. c4 c5 5. cxd5 exd5 6. Bg2 Nc6 7. O-O Be7 8.
dxc5 Bxc5 9. Bg5 O-O 10. Nc3 d4 11. Bxf6 Qxf6 12. Nd5 Qd8 13. Ne1 Re8 14. Nd3
Bb6 15. Rc1 Bf5 16. Re1 Be4 17. Nxb6 Qxb6 18. Bxe4 Rxe4 19. Qb3 Qxb3 20. axb3
Rae8 21. Kf1 Ne7 22. b4 Kf8 23. Rc4 a6 24. Rc5 g6 25. Rd5 1-0

[Event "TOP 16"]
[Site "Guingamp FRA"]
[Date "2010.06.04"]
[Round "9"]
[White "Komarov, Dimitri"]
[Black "Doncea, Vladimir"]
[Result "1-0"]
[WhiteElo "2523"]
[BlackElo "2475"]
[PlyCount "57"]
[EventDate "2010.03.26"]
[EventType "team"]
[EventRounds "11"]
[EventCountry "FRA"]
[Source "Mark Crowther"]
[SourceDate "2010.06.07"]

1. d4 e6 2. c4 Nf6 3. Nf3 c5 4. d5 b5 5. dxe6 fxe6 6. cxb5 d5 7. Nc3 Nbd7 8. e4
d4 9. e5 Ng4 10. Ne4 Bb7 11. h3 Ngxe5 12. Nxe5 Nxe5 13. Qh5+ Nf7 14. Ng5 g6 15.
Qg4 Nxg5 16. Bxg5 Qd5 17. O-O-O Bg7 18. Re1 O-O 19. Qxe6+ Qxe6 20. Rxe6 Rxf2
21. Bc4 Kh8 22. Rhe1 Raf8 23. Be7 d3 24. Bxd3 Bxb2+ 25. Kb1 R8f7 26. Bxc5 Rxg2
27. Bc4 Bc3 28. Re8+ Kg7 29. R8e7 1-0

[Event "TOP 16"]
[Site "Guingamp FRA"]
[Date "2010.06.04"]
[Round "9"]
[White "Alonso Moyano, Jonathan"]
[Black "Todorov, Todor"]
[Result "1-0"]
[WhiteElo "2365"]
[BlackElo "2493"]
[PlyCount "75"]
[EventDate "2010.03.26"]
[EventType "team"]
[EventRounds "11"]
[EventCountry "FRA"]
[Source "Mark Crowther"]
[SourceDate "2010.06.07"]

1. e4 e5 2. Nc3 Nc6 3. g3 g6 4. Bg2 Bg7 5. Nge2 Nge7 6. d3 d6 7. h3 f5 8. Nd5
Be6 9. c3 Bf7 10. Bg5 fxe4 11. dxe4 h6 12. Be3 Nxd5 13. exd5 Ne7 14. Qd3 O-O
15. Be4 c6 16. c4 b5 17. b3 bxc4 18. bxc4 cxd5 19. cxd5 Nxd5 20. O-O Ne7 21.
Bxa8 Qxa8 22. Qxd6 Qf3 23. Nc3 Rc8 24. Qd1 e4 25. Qxf3 exf3 26. Nb5 Bxa1 27.
Rxa1 Rc2 28. a4 a5 29. Bxh6 Bd5 30. Rd1 Kf7 31. Bg5 Rc5 32. Nd6+ Kf8 33. Re1
Nc6 34. Re8+ Kg7 35. Rc8 Rc2 36. Rc7+ Kf8 37. Bh6+ Kg8 38. Ne8 1-0

[Event "TOP 16"]
[Site "Guingamp FRA"]
[Date "2010.06.04"]
[Round "9"]
[White "Karr, Jean Philippe"]
[Black "Miralles, Gilles"]
[Result "1/2-1/2"]
[WhiteElo "2385"]
[BlackElo "2469"]
[PlyCount "116"]
[EventDate "2010.03.26"]
[EventType "team"]
[EventRounds "11"]
[EventCountry "FRA"]
[Source "Mark Crowther"]
[SourceDate "2010.06.07"]

1. d4 d5 2. c4 Nc6 3. cxd5 Qxd5 4. e3 e5 5. Nc3 Bb4 6. Bd2 Bxc3 7. bxc3 Nf6 8.
f3 e4 9. c4 Qd6 10. f4 O-O 11. Ne2 Re8 12. Qb3 Bg4 13. Bc3 a5 14. a3 a4 15. Qc2
Na5 16. Bxa5 Rxa5 17. Nc3 b6 18. h3 Bd7 19. g4 g5 20. fxg5 Rxg5 21. Qf2 h5 22.
Qf4 Rg6 23. g5 Nh7 24. Qxd6 cxd6 25. h4 f6 26. Be2 Bg4 27. Bxg4 hxg4 28. Rg1
fxg5 29. Rxg4 Kg7 30. Rb1 gxh4 31. Rxg6+ Kxg6 32. Rxb6 Kf5 33. Rxd6 Ng5 34. Kf2
Rb8 35. Nb5 Rf8 36. c5 Kg4+ 37. Ke2 h3 38. Rh6 Nf3 39. Rg6+ Kh5 40. Rg3 h2 41.
Rh3+ Kg4 42. Rxh2 Nxh2 43. c6 Kf5 44. d5 Ke5 45. c7 Rc8 46. d6 Ke6 47. Na7 Kd7
48. Nxc8 Kxc8 49. Kd2 Nf1+ 50. Kc3 Nxe3 51. Kd4 Nf5+ 52. Kxe4 Nxd6+ 53. Kd5
Kxc7 54. Kc5 Nc8 55. Kb5 Nb6 56. Kc5 Kb7 57. Kb5 Ka7 58. Ka5 Kb7 1/2-1/2

[Event "TOP 16"]
[Site "Guingamp FRA"]
[Date "2010.06.04"]
[Round "9"]
[White "Giffard, Nicolas"]
[Black "Benitah, Yohan"]
[Result "1/2-1/2"]
[WhiteElo "2361"]
[BlackElo "2377"]
[PlyCount "23"]
[EventDate "2010.03.26"]
[EventType "team"]
[EventRounds "11"]
[EventCountry "FRA"]
[Source "Mark Crowther"]
[SourceDate "2010.06.07"]

1. d4 d5 2. c4 c6 3. cxd5 cxd5 4. Bf4 a6 5. e3 Nf6 6. Nf3 Nc6 7. Be2 Bf5 8. O-O
e6 9. Ne5 Nxe5 10. Bxe5 Bd6 11. Bxd6 Qxd6 12. Qa4+ 1/2-1/2

[Event "TOP 16"]
[Site "Guingamp FRA"]
[Date "2010.06.04"]
[Round "9"]
[White "Ravot, Sylvain"]
[Black "Bijaoui, Manuel"]
[Result "0-1"]
[WhiteElo "2264"]
[BlackElo "2410"]
[PlyCount "70"]
[EventDate "2010.03.26"]
[EventType "team"]
[EventRounds "11"]
[EventCountry "FRA"]
[Source "Mark Crowther"]
[SourceDate "2010.06.07"]

1. d4 Nf6 2. Nf3 g6 3. g3 Bg7 4. Bg2 O-O 5. c4 d6 6. Nc3 Nc6 7. O-O Bf5 8. Ne1
Qc8 9. e4 Bh3 10. d5 Bxg2 11. Kxg2 Ne5 12. Qe2 c6 13. f4 Ned7 14. e5 Ne8 15.
Nf3 Nc7 16. exd6 exd6 17. Ne4 cxd5 18. Nxd6 Qb8 19. f5 Ne8 20. Nb5 dxc4 21. Bf4
Qc8 22. Rac1 Nb6 23. fxg6 hxg6 24. Na3 c3 25. Be5 Qe6 26. Rfe1 Qxa2 27. Rxc3
Bxe5 28. Nxe5 Qd5+ 29. Qf3 Rd8 30. Rd3 Qxf3+ 31. Kxf3 Nf6 32. Red1 Rxd3+ 33.
Rxd3 Rc8 34. Nb5 Rc5 35. Nxf7 Rf5+ 0-1

[Event "TOP 16"]
[Site "Guingamp FRA"]
[Date "2010.06.04"]
[Round "9"]
[White "Lefevre, Margaux"]
[Black "Batteau, Valerie"]
[Result "1-0"]
[WhiteElo "2036"]
[BlackElo "1906"]
[PlyCount "155"]
[EventDate "2010.03.26"]
[EventType "team"]
[EventRounds "11"]
[EventCountry "FRA"]
[Source "Mark Crowther"]
[SourceDate "2010.06.07"]

1. e4 c5 2. Nf3 Nc6 3. d4 cxd4 4. Nxd4 e6 5. Nb5 d6 6. Bf4 e5 7. Be3 a6 8. N5c3
Nf6 9. Bg5 Be7 10. Bxf6 Bxf6 11. Nd5 O-O 12. Na3 b5 13. c3 Bg5 14. g3 Ne7 15.
Bg2 Bb7 16. Nxe7+ Qxe7 17. O-O Kh8 18. Qd3 Rad8 19. Rfe1 Ba8 20. Nc2 g6 21. Nb4
Qb7 22. Qf1 Qa7 23. a4 Qb6 24. axb5 axb5 25. Ra6 Qc5 26. Ra5 Rb8 27. Rea1 Qc4
28. Qxc4 bxc4 29. Ra7 Bb7 30. Re1 Kg8 31. Bf1 Rfc8 32. Bh3 Rc5 33. Rd1 Rb5 34.
Bf1 Bxe4 35. Bxc4 R5b7 36. Ra5 Be7 37. Bd5 Bxd5 38. Raxd5 Bf8 39. R5d2 f5 40.
Kf1 Kf7 41. Ke2 Ke6 42. Ra1 Rb5 43. Ra6 R8b6 44. Rxb6 Rxb6 45. Nd5 Rb7 46. b4
e4 47. c4 Bg7 48. Ra2 Bd4 49. Ra6 Ra7 50. Rxa7 Bxa7 51. f3 exf3+ 52. Kxf3 g5
53. Ke2 h6 54. Kd3 Bg1 55. h3 Bf2 56. g4 f4 57. Ke4 Bg1 58. Nc3 Bf2 59. Nd1 Be1
60. b5 Ba5 61. Nb2 Kd7 62. Nd3 Ke6 63. Nc1 Bb6 64. Nb3 Bg1 65. Nd2 Bb6 66. Nf3
Bc5 67. h4 gxh4 68. Nxh4 Bf2 69. Nf5 Be3 70. Nxh6 Kf6 71. Nf5 Bc5 72. Kxf4 Ke6
73. Ke4 Bb6 74. Nd4+ Kf6 75. Kd5 Kg5 76. Ne6+ Kxg4 77. Kxd6 Kf5 78. c5 1-0

[Event "TOP 16"]
[Site "Guingamp FRA"]
[Date "2010.06.04"]
[Round "9"]
[White "Sarthou, Gaetan"]
[Black "Tkachiev, Vladislav"]
[Result "0-1"]
[WhiteElo "2386"]
[BlackElo "2639"]
[PlyCount "66"]
[EventDate "2010.03.26"]
[EventType "team"]
[EventRounds "11"]
[EventCountry "FRA"]
[Source "Mark Crowther"]
[SourceDate "2010.06.07"]

1. e4 e5 2. Bc4 Nf6 3. d3 Nc6 4. Nf3 h6 5. O-O d6 6. c3 g6 7. Re1 Bg7 8. Nbd2
O-O 9. Nf1 d5 10. Bb3 Be6 11. Ng3 Re8 12. h3 a6 13. Qe2 Qe7 14. Bc2 Rad8 15.
Be3 b5 16. Rec1 d4 17. Bd2 Nd7 18. cxd4 Nxd4 19. Nxd4 exd4 20. b4 c5 21. bxc5
Nxc5 22. Rab1 Qd7 23. Qd1 Rb8 24. Be1 Rec8 25. Ne2 Qc7 26. Rb2 Nxe4 27. Bb3 Nc3
28. Qd2 Ra8 29. Nf4 Bxb3 30. axb3 h5 31. g3 Qb7 32. Ra2 Bh6 33. Rxa6 Bxf4 0-1

[Event "TOP 16"]
[Site "Guingamp FRA"]
[Date "2010.06.04"]
[Round "9"]
[White "Kazhgaleyev, Murtas"]
[Black "Alcaraz Ortega, Javier"]
[Result "1-0"]
[WhiteElo "2637"]
[BlackElo "2235"]
[PlyCount "75"]
[EventDate "2010.03.26"]
[EventType "team"]
[EventRounds "11"]
[EventCountry "FRA"]
[Source "Mark Crowther"]
[SourceDate "2010.06.07"]

1. d4 d5 2. c4 c6 3. Nc3 Nf6 4. e3 g6 5. Nf3 Bg7 6. Be2 O-O 7. O-O a6 8. a4 a5
9. Qb3 Na6 10. Bd2 Nb4 11. Rfc1 Be6 12. cxd5 Nfxd5 13. Qd1 Rc8 14. Ne4 Bg4 15.
Ne5 Bxe2 16. Qxe2 Qc7 17. Nf3 Rfd8 18. h4 Qb6 19. Nc5 Qa7 20. Nb3 b6 21. e4 Nf6
22. Ne5 Nd7 23. Nc4 Na6 24. Be3 Qb7 25. Rd1 Nb4 26. Bg5 Nf8 27. Rac1 Ne6 28.
Be3 Nf8 29. h5 Nd7 30. Nbd2 c5 31. d5 Ne5 32. h6 Nxc4 33. Nxc4 Bf8 34. Bd2 Na6
35. Rc3 Qa7 36. Rf3 Nc7 37. Ne5 f6 38. Nc6 1-0

[Event "TOP 16"]
[Site "Guingamp FRA"]
[Date "2010.06.04"]
[Round "9"]
[White "Touzane, Olivier"]
[Black "Guidarelli, Laurent"]
[Result "0-1"]
[WhiteElo "2287"]
[BlackElo "2433"]
[PlyCount "48"]
[EventDate "2010.03.26"]
[EventType "team"]
[EventRounds "11"]
[EventCountry "FRA"]
[Source "Mark Crowther"]
[SourceDate "2010.06.07"]

1. d4 Nf6 2. c4 c5 3. d5 b5 4. cxb5 a6 5. bxa6 Bxa6 6. Nc3 d6 7. g3 g6 8. Bg2
Bg7 9. Nf3 Nbd7 10. Rb1 Nb6 11. b3 Bc8 12. Nh4 h6 13. Qc2 Qd7 14. f4 Bb7 15. e4
Ba6 16. e5 dxe5 17. Nxg6 fxg6 18. fxe5 O-O 19. exf6 Rxf6 20. Ne4 Rf5 21. Nxc5
Rc8 22. Bf4 Nxd5 23. Rd1 Rxc5 24. Qxc5 Qe6+ 0-1

[Event "TOP 16"]
[Site "Guingamp FRA"]
[Date "2010.06.04"]
[Round "9"]
[White "Lahno, Kateryna"]
[Black "Shafiei, A."]
[Result "1-0"]
[WhiteElo "2518"]
[BlackElo "2221"]
[PlyCount "79"]
[EventDate "2010.03.26"]
[EventType "team"]
[EventRounds "11"]
[EventCountry "FRA"]
[Source "Mark Crowther"]
[SourceDate "2010.06.07"]

1. e4 c5 2. Nf3 d6 3. d4 cxd4 4. Nxd4 Nf6 5. f3 g6 6. c4 Bg7 7. Nc3 O-O 8. Be2
Nc6 9. Be3 Bd7 10. Qd2 Nxd4 11. Bxd4 Bc6 12. O-O a5 13. b3 Nd7 14. Be3 f5 15.
exf5 gxf5 16. Rac1 Nc5 17. Nd5 Rf7 18. Bd1 e6 19. Nc3 e5 20. Bc2 Ne6 21. Rcd1
Bf8 22. Nd5 b5 23. cxb5 Bxb5 24. Bd3 Qb8 25. Rc1 Bxd3 26. Qxd3 Qb7 27. Qc4 Nc7
28. Nxc7 Rc8 29. Qe6 Rcxc7 30. Rxc7 Qxc7 31. Rc1 Qd7 32. Qd5 Qb7 33. Qxa5 d5
34. Qd8 Qd7 35. Rc8 Kg7 36. Qg5+ Kh8 37. Rd8 Qc6 38. Qh6 Qxh6 39. Bxh6 Kg8 40.
a4 1-0

[Event "TOP 16"]
[Site "Guingamp FRA"]
[Date "2010.06.04"]
[Round "9"]
[White "Buscara, Sevan"]
[Black "Govciyan, Pavel"]
[Result "1-0"]
[WhiteElo "2238"]
[BlackElo "2430"]
[PlyCount "75"]
[EventDate "2010.03.26"]
[EventType "team"]
[EventRounds "11"]
[EventCountry "FRA"]
[Source "Mark Crowther"]
[SourceDate "2010.06.07"]

1. d4 Nf6 2. Bf4 g6 3. Nf3 Bg7 4. e3 O-O 5. Be2 c5 6. c3 d6 7. h3 b6 8. O-O Ba6
9. dxc5 bxc5 10. Bxa6 Nxa6 11. Qe2 Nc7 12. e4 e5 13. Bh2 Qd7 14. Nbd2 Qc6 15.
Rfe1 Nd7 16. Rad1 Rad8 17. Nc4 Nb6 18. Rd2 Bh6 19. Rxd6 Rxd6 20. Nfxe5 Qa4 21.
Nxd6 Qxa2 22. Nb7 Ne6 23. Ng4 Bg7 24. Bd6 Rc8 25. f4 Na4 26. f5 Nd8 27. Nxd8
Rxd8 28. Be7 Rb8 29. Qd2 h5 30. Nf6+ Kh8 31. Rd1 Qxb2 32. Qd8+ Bf8 33. Qd5 Nxc3
34. Qxf7 Ne2+ 35. Kh1 Bg7 36. Qxg6 Ng3+ 37. Kh2 Nf1+ 38. Rxf1 1-0

[Event "TOP 16"]
[Site "Guingamp FRA"]
[Date "2010.06.04"]
[Round "9"]
[White "Leconte, M."]
[Black "Domenech, Vianney"]
[Result "1-0"]
[WhiteElo "2330"]
[BlackElo "2050"]
[PlyCount "47"]
[EventDate "2010.03.26"]
[EventType "team"]
[EventRounds "11"]
[EventCountry "FRA"]
[Source "Mark Crowther"]
[SourceDate "2010.06.07"]

1. e4 d5 2. exd5 Qxd5 3. Nc3 Qa5 4. Bc4 Nf6 5. h3 Nc6 6. d3 e6 7. Bd2 Qe5+ 8.
Nge2 Bd6 9. Nb5 a6 10. Bf4 Qc5 11. Bxd6 cxd6 12. Nc7+ Ke7 13. Nxa8 Bd7 14. O-O
Rxa8 15. c3 g5 16. Ng3 g4 17. h4 Ne5 18. Bb3 Ng6 19. d4 Qa5 20. d5 Nxh4 21. Re1
e5 22. Qd2 Qc5 23. Qg5 Ng6 24. Ne4 1-0

[Event "TOP 16"]
[Site "Guingamp FRA"]
[Date "2010.06.04"]
[Round "9"]
[White "Bannwarth, Frederique"]
[Black "Sighirdjian, Eric Mikhail"]
[Result "0-1"]
[WhiteElo "1849"]
[BlackElo "2149"]
[PlyCount "136"]
[EventDate "2010.03.26"]
[EventType "team"]
[EventRounds "11"]
[EventCountry "FRA"]
[Source "Mark Crowther"]
[SourceDate "2010.06.07"]

1. e4 c5 2. Nc3 Nc6 3. g3 g6 4. Bg2 Bg7 5. d3 d6 6. Nf3 Rb8 7. O-O b5 8. a3 a5
9. Ne2 Nf6 10. c3 a4 11. d4 Nxe4 12. Nd2 f5 13. Nxe4 fxe4 14. Bxe4 Na5 15. dxc5
Nb3 16. Rb1 Nxc5 17. Bg2 Bf5 18. Bc6+ Kf7 19. Ra1 Qc7 20. Bg2 e6 21. Bf4 Rhd8
22. h3 Nb3 23. Ra2 Qc4 24. Re1 Nc5 25. Ra1 Nd3 26. Qd2 Nxe1 27. Rxe1 Qd3 28.
Rd1 Qxd2 29. Rxd2 Be5 30. Be3 Rbc8 31. Bf1 Be4 32. Nf4 Bc6 33. Nd3 Bf6 34. Nb4
Be8 35. Bb6 d5 36. Bxd8 Bxd8 37. Bg2 Bf6 38. f4 g5 39. Nd3 Kg7 40. Rd1 Bg6 41.
Ne5 Be8 42. Bf3 h6 43. Re1 gxf4 44. gxf4 Bh4 45. Re2 Rd8 46. Nd3 d4 47. Nc5 Bf7
48. cxd4 Rxd4 49. Nxe6+ Bxe6 50. Rxe6 Rxf4 51. Kg2 Bf6 52. Re2 Rc4 53. Bb7 Kg6
54. Be4+ Kg5 55. Bd3 Rc5 56. Rf2 Rd5 57. Bf1 Bd4 58. Rc2 Kf4 59. Rd2 Ke4 60.
Re2+ Kf4 61. Rd2 Rg5+ 62. Kh1 Be3 63. Rg2 Rc5 64. Rg4+ Kf3 65. Rg8 Rc1 66. Rf8+
Bf4 67. Kg1 Rb1 68. Rf5 Kg3 0-1

[Event "TOP 16"]
[Site "Guingamp FRA"]
[Date "2010.06.04"]
[Round "9"]
[White "Doettling, Fabian"]
[Black "Tirard, Hugo"]
[Result "1-0"]
[WhiteElo "2571"]
[BlackElo "2451"]
[PlyCount "79"]
[EventDate "2010.03.26"]
[EventType "team"]
[EventRounds "11"]
[EventCountry "FRA"]
[Source "Mark Crowther"]
[SourceDate "2010.06.07"]

1. d4 Nf6 2. Nf3 g6 3. c4 Bg7 4. Nc3 O-O 5. e4 d6 6. Be2 c5 7. O-O Nc6 8. d5
Na5 9. Bg5 h6 10. Bd2 e5 11. Qc2 Ne8 12. g3 Bh3 13. Rfe1 b6 14. Nh4 Bf6 15. Ng2
h5 16. Nd1 Nb7 17. f3 h4 18. Nf2 Bd7 19. f4 h3 20. fxe5 dxe5 21. Ne3 Bg7 22.
Bf1 Nbd6 23. Bxh3 Bxh3 24. Nxh3 f5 25. exf5 gxf5 26. Rf1 Qd7 27. Ng5 Nc7 28. g4
e4 29. gxf5 Bd4 30. Kh1 Nxf5 31. Nxf5 Rxf5 32. Qxe4 Raf8 33. Rxf5 Rxf5 34. Ne6
Qf7 35. Qg4+ Kh8 36. Nxd4 Rf1+ 37. Rxf1 Qxf1+ 38. Qg1 Qxc4 39. Bc3 Kh7 40. Nf3
1-0

[Event "TOP 16"]
[Site "Guingamp FRA"]
[Date "2010.06.04"]
[Round "9"]
[White "Bellaiche, Antony"]
[Black "Rozentalis, Eduardas"]
[Result "0-1"]
[WhiteElo "2443"]
[BlackElo "2628"]
[PlyCount "68"]
[EventDate "2010.03.26"]
[EventType "team"]
[EventRounds "11"]
[EventCountry "FRA"]
[Source "Mark Crowther"]
[SourceDate "2010.06.07"]

1. d4 Nf6 2. c4 e6 3. Nc3 Bb4 4. Nf3 b6 5. e3 Bb7 6. Bd3 O-O 7. O-O d5 8. a3
Be7 9. b4 dxc4 10. Bxc4 Nbd7 11. Qe2 c5 12. bxc5 bxc5 13. Rd1 cxd4 14. Nxd4 Rc8
15. Bb2 Qa5 16. Rac1 Ne5 17. Bb3 Ba6 18. Ncb5 Qb6 19. a4 Ng6 20. f3 Bb7 21. Ra1
Bd5 22. Bxd5 Nxd5 23. a5 Qa6 24. f4 Bc5 25. Re1 Rb8 26. Ba3 Ngxf4 27. Qc4 Bxd4
28. Qxd4 Rfd8 29. Bb2 e5 30. Qxe5 f6 31. Nc7 Qb7 32. Qe4 Qxb2 33. exf4 Nxc7 34.
Rab1 Qa2 0-1

[Event "TOP 16"]
[Site "Guingamp FRA"]
[Date "2010.06.04"]
[Round "9"]
[White "Vaisser, Anatoli"]
[Black "Colin, Vincent"]
[Result "1-0"]
[WhiteElo "2511"]
[BlackElo "2445"]
[PlyCount "57"]
[EventDate "2010.03.26"]
[EventType "team"]
[EventRounds "11"]
[EventCountry "FRA"]
[Source "Mark Crowther"]
[SourceDate "2010.06.07"]

1. d4 Nf6 2. c4 g6 3. Nc3 Bg7 4. e4 d6 5. f4 O-O 6. Nf3 Na6 7. e5 dxe5 8. fxe5
Ng4 9. h3 Nh6 10. d5 Nf5 11. Bf4 e6 12. Ne4 exd5 13. cxd5 c6 14. d6 Nc5 15.
Nxc5 Qa5+ 16. Qd2 Qxc5 17. g4 g5 18. Rc1 Qd5 19. Qxd5 cxd5 20. gxf5 gxf4 21. f6
Bh6 22. Bd3 Be6 23. Kf2 Rfc8 24. Rcg1+ Kh8 25. Rg4 Bxg4 26. hxg4 Bf8 27. Bxh7
Rc1 28. Rxc1 Kxh7 29. d7 1-0

[Event "TOP 16"]
[Site "Guingamp FRA"]
[Date "2010.06.04"]
[Round "9"]
[White "Houska, Jovanka"]
[Black "Kallai, Gabor"]
[Result "1/2-1/2"]
[WhiteElo "2392"]
[BlackElo "2444"]
[PlyCount "46"]
[EventDate "2010.03.26"]
[EventType "team"]
[EventRounds "11"]
[EventCountry "FRA"]
[Source "Mark Crowther"]
[SourceDate "2010.06.07"]

1. d4 d5 2. Nf3 c5 3. c4 dxc4 4. d5 e6 5. Nc3 exd5 6. Qxd5 Qxd5 7. Nxd5 Bd6 8.
e4 Ne7 9. Nxe7 Kxe7 10. Bxc4 Nc6 11. Be3 f6 12. Rc1 b6 13. Bd5 Bd7 14. O-O Rac8
15. Rfd1 Be6 16. Nh4 Be5 17. Rd2 Rhd8 18. f4 Bd4 19. Bxd4 Nxd4 20. Bxe6 Kxe6
21. Rcd1 Ne2+ 22. Kf2 Rxd2 23. f5+ Ke7 1/2-1/2

[Event "TOP 16"]
[Site "Guingamp FRA"]
[Date "2010.06.04"]
[Round "9"]
[White "Reinhart, Emmanuel"]
[Black "Geenen, Marc"]
[Result "1/2-1/2"]
[WhiteElo "2337"]
[BlackElo "2327"]
[PlyCount "30"]
[EventDate "2010.03.26"]
[EventType "team"]
[EventRounds "11"]
[EventCountry "FRA"]
[Source "Mark Crowther"]
[SourceDate "2010.06.07"]

1. e4 e5 2. Nf3 Nc6 3. Bb5 a6 4. Ba4 Nf6 5. O-O b5 6. Bb3 Bb7 7. d3 Bc5 8. Nc3
O-O 9. a4 Na5 10. Ba2 b4 11. Ne2 Re8 12. Ng3 d5 13. Qe2 h6 14. h3 Qd7 15. Nh4
Nc6 1/2-1/2

[Event "TOP 16"]
[Site "Guingamp FRA"]
[Date "2010.06.04"]
[Round "9"]
[White "Basic, Bosko"]
[Black "Roos, Daniel"]
[Result "0-1"]
[WhiteElo "2059"]
[BlackElo "2435"]
[PlyCount "76"]
[EventDate "2010.03.26"]
[EventType "team"]
[EventRounds "11"]
[EventCountry "FRA"]
[Source "Mark Crowther"]
[SourceDate "2010.06.07"]

1. Nf3 d5 2. d4 g6 3. g3 Bg7 4. Bg2 Nh6 5. c4 dxc4 6. Na3 Nf5 7. e3 c5 8. O-O
cxd4 9. exd4 O-O 10. Nxc4 Be6 11. Ne3 Nxe3 12. fxe3 Bd5 13. Qe2 Nc6 14. Bd2 Be4
15. Bc3 Qd5 16. Nd2 Bxg2 17. Qxg2 Rad8 18. Qxd5 Rxd5 19. Nf3 Rd7 20. Rad1 Rfd8
21. Rde1 e6 22. Re2 h6 23. Kg2 Ne7 24. e4 Nc6 25. e5 Rc8 26. Re4 Ne7 27. Bb4
Nd5 28. Bd6 Bf8 29. Bxf8 Kxf8 30. Rf2 Rc1 31. Nd2 b6 32. Rh4 Ne3+ 33. Kh3 Nf5
34. Nb3 Rd1 35. Re4 a5 36. g4 Rd3+ 37. Kg2 Ne3+ 38. Kf3 Nd1+ 0-1

[Event "TOP 16"]
[Site "Guingamp FRA"]
[Date "2010.06.04"]
[Round "9"]
[White "Roos, Jean Luc"]
[Black "Fruteau, Sabine"]
[Result "0-1"]
[WhiteElo "2259"]
[BlackElo "2125"]
[PlyCount "168"]
[EventDate "2010.03.26"]
[EventType "team"]
[EventRounds "11"]
[EventCountry "FRA"]
[Source "Mark Crowther"]
[SourceDate "2010.06.07"]

1. d4 Nf6 2. c4 e6 3. Nc3 d5 4. Bg5 Be7 5. e3 O-O 6. cxd5 exd5 7. Bd3 c6 8. Qc2
Nbd7 9. Nf3 Re8 10. O-O Nf8 11. h3 h6 12. Bf4 Bd6 13. Ne5 Qe7 14. Bh2 N6d7 15.
Nf3 Bxh2+ 16. Kxh2 Ne6 17. Rae1 Qd6+ 18. Kh1 Nf6 19. Ne5 b6 20. Ne2 Bb7 21. Ng3
Rac8 22. Qa4 a5 23. Nf5 Qf8 24. Rc1 g6 25. Ng3 c5 26. Bb5 Red8 27. Nd7 Nxd7 28.
Bxd7 Rc7 29. Bxe6 fxe6 30. dxc5 Rdc8 31. c6 Bxc6 32. Qd4 b5 33. Qe5 Qf7 34. Rc5
Be8 35. Rxc7 Rxc7 36. Ne2 Rc2 37. Nd4 Rxf2 38. Rxf2 Qxf2 39. Nxe6 Qf7 40. Nc7
Bd7 41. Nxd5 Be6 42. Nf6+ Kf8 43. a3 Bc4 44. Ng4 h5 45. Qd6+ Qe7 46. Qf4+ Kg8
47. Ne5 g5 48. Qf5 Be2 49. e4 a4 50. Nd7 Kg7 51. Nc5 Qf6 52. Ne6+ Kf7 53. Nxg5+
Ke7 54. Qc5+ Kd7 55. Qd5+ Ke7 56. Qb7+ Ke8 57. Qc8+ Ke7 58. Qc7+ Ke8 59. h4 Bc4
60. Qc8+ Ke7 61. Nf3 Qxb2 62. Qc5+ Kd8 63. Qd6+ Ke8 64. Qb8+ Ke7 65. Qc7+ Ke8
66. Qc6+ Ke7 67. Qc5+ Kd8 68. Qg5+ Kc7 69. Qe7+ Kc8 70. Kh2 Bf1 71. Qc5+ Kb7
72. Qd5+ Kc8 73. Nd2 Be2 74. e5 Qxa3 75. Ne4 Qe7 76. Nd6+ Kb8 77. Qg8+ Kc7 78.
Qc8+ Kb6 79. Qc3 Qxh4+ 80. Kg1 Bc4 81. e6 Bxe6 82. Qe3+ Kc6 83. Qxe6 Qd4+ 84.
Kh1 Qd1+ 0-1